Thiếu Sơn toàn tập; T1

Na minha lista:
Detalhes bibliográficos
Autor principal: Văn học
Formato: Livro
Idioma:Undetermined
Publicado em: H. Văn học 2003
Tags: Adicionar Tag
Sem tags, seja o primeiro a adicionar uma tag!
Thư viện lưu trữ: Trung tâm Học liệu Trường Đại học Cần Thơ
LEADER 00383nam a2200145Ia 4500
001 CTU_59171
008 210402s9999 xx 000 0 und d
082 |a 895.922008 
082 |b Th309/T1 
100 |a Văn học 
245 0 |a Thiếu Sơn toàn tập; T1 
260 |a H. 
260 |b Văn học 
260 |c 2003 
980 |a Trung tâm Học liệu Trường Đại học Cần Thơ